Mathematics-the Music of Reason /

Saved in:
Bibliographic Details
Main Author: Diedudonné, Jean (Author)
Format: Book
Language:English
Published: Berlin : Springer Verlag, 1992
Tags: Add Tag
No Tags, Be the first to tag this record!

MARC

LEADER 00000nam a22000003a 4500
001 stu31613
005 20150617225736.0
008 940303s1992----gw------------------eng-d
020 |a 3-540-53346-X 
040 |a STU  |b slo 
041 0 |a eng 
044 |a gw 
080 |a 51  |7 stu_us_auth*stu8333 
100 1 |a Diedudonné, Jean  |4 aut 
245 1 |a Mathematics-the Music of Reason /  |c [aut.] Diedudonné,Jean 
260 |a Berlin :  |b Springer Verlag,  |c 1992 
300 |a 287 s 
996 |b 284J002000  |c J*90535  |l JJST  |s P  |a 0  |w stu31613_0001